Languages Official in Only One Country - Statistics

General Stats
  • This quiz has been taken 832 times
    799 since last reset
  • The average score is 22 of 31
Answer Stats
Language(s): Answer % Correct
Japanese Japan
86%
Norwegian, Sámi Norway
85%
Estonian Estonia
81%
Latvian Latvia
81%
Lithuania Lithuania
80%
Vietnamese Vietnam
80%
Danish Denmark
79%
Bulgarian Bulgaria
77%
Slovak Slovakia
77%
Icelandic Iceland
76%
Armenian Armenia
75%
Khmer Cambodia
75%
Thai Thailand
75%
Azerbaijani Azerbaijan
74%
Lao Laos
74%
Polish Poland
74%
Hungarian Hungary
73%
Slovene Slovenia
73%
Czech Czechia
71%
Georgian Georgia
70%
Nepali Nepal
68%
Ukrainian Ukraine
66%
Dzongkha Bhutan
65%
Mongolian Mongolia
65%
Catalan Andorra
64%
Uzbek Uzbekistan
64%
Turkmen Turkmenistan
63%
Burmese Myanmar
62%
Hebrew Israel
60%
Bengali Bangladesh
49%
Maldivian Maldives
41%
No matching quizzes found
Score Distribution
Percent of People with Each Score
Percentile by Number Answered
Your Score History
You have not taken this quiz since the last reset